Читаем по слогам (Запись № 477595)

Подробности
000 -МАРКЕР
контрольное поле 01501nam0a2200337 4500
001 - ИДЕНТИФИКАТОР ЗАПИСИ
контрольное поле RU\NLR\bibl\1291766
005 - ИДЕНТИФИКАТОР ВЕРСИИ
контрольное поле 20260409073536.0
010 ## - МЕЖДУНАРОДНЫЙ СТАНДАРТНЫЙ НОМЕР КНИГИ (ISBN)
Номер (ISBN) 978-5-89537-324-8
Тираж 10000
021 ## - НОМЕР ГОСУДАРСТВЕННОЙ РЕГИСТРАЦИИ
Код страны Российская Федерация
Номер 2008-74133
Номер Листа государственной регистраци 4262
035 ## - ДРУГИЕ СИСТЕМНЫЕ НОМЕРА
Идентификатор записи (NLR Aleph) 001277440
100 ## - ДАННЫЕ ОБЩЕЙ ОБРАБОТКИ
Данные общей обработки 20081106d2008 |||y0rusy50 ca
101 0# - ЯЗЫК РЕСУРСА
Язык текста, звукозаписи и т.д. русский
102 ## - СТРАНА ПУБЛИКАЦИИ ИЛИ ПРОИЗВОДСТВА
Страна публикации Российская Федерация
105 ## - ПОЛЕ КОДИРОВАННЫХ ДАННЫХ: ТЕКСТОВЫЕ МАТЕРИАЛЫ, МОНОГРАФИЧЕСКИЕ
Кодированные данные о монографическом текстовом документе a |||||||||
200 1# - ЗАГЛАВИЕ И СВЕДЕНИЯ ОБ ОТВЕТСТВЕННОСТИ
Основное заглавие Читаем по слогам
Сведения, относящиеся к заглавию с комментариями для родителей
-- Игра! Наклейки! Веселые задания!
-- [для изучения детьми от пяти лет и старше при помощи родителей
Первые сведения об ответственности Е. Синякина, С. Синякина]
210 ## - ПУБЛИКАЦИЯ, РАСПРОСТРАНЕНИЕ И ДР.
Место издания, распространения и т.д. Москва
Имя издателя, распространителя и т. д. Стрекоза
Дата издания, распространения и т.д. 2008
215 ## - ФИЗИЧЕСКАЯ ХАРАКТЕРИСТИКА
Специфическое обозначение материала и объем [21] с.
Другие сведения о физической характеристике цв. ил.
Размеры 28
Сопроводительный материал 1 л. цв. наклеек
225 1# - СЕРИЯ
Основное заглавие серии Первые уроки
Сведения, относящиеся к заглавию 5+
-- курс занятий с детьми от трех до шести лет
300 ## - ОБЩИЕ ПРИМЕЧАНИЯ
Текст примечания Авт. указаны в вып. дан.
606 ## - НАИМЕНОВАНИЕ ТЕМЫ КАК ПРЕДМЕТ
-- rus
Наименование темы Дошкольники
Тематический подзаголовок Обучение чтению
-- ca
Идентификатор авторитетной/нормативной записи RU\NLR\auth\661265029
Системный номер авторитетной/нормативной записи 2089883
686 ## - ИНДЕКСЫ ДРУГИХ КЛАССИФИКАЦИЙ
Индекс Ч411.382.1
686 ## - ИНДЕКСЫ ДРУГИХ КЛАССИФИКАЦИЙ
Индекс Ч491.7
700 #1 - ИМЯ ЛИЦА - ПЕРВИЧНАЯ ОТВЕТСТВЕННОСТЬ
Код отношения Автор
Материалы, к которым относится поле rus
Графика поля Кириллица
Начальный элемент ввода Синякина
Часть имени, кроме начального элемента ввода Е.
Расширение инициалов личного имени Елена
Идентификатор авторитетной/нормативной записи RU\NLR\auth\7757436
Системный номер авторитетной/нормативной записи 40368
701 #1 - ИМЯ ЛИЦА - АЛЬТЕРНАТИВНАЯ ОТВЕТСТВЕННОСТЬ
Код отношения Автор
Материалы, к которым относится поле rus
Графика поля Кириллица
Начальный элемент ввода Синякина
Часть имени, кроме начального элемента ввода С.
Расширение инициалов личного имени Светлана
Идентификатор авторитетной/нормативной записи RU\NLR\auth\7757437
Системный номер авторитетной/нормативной записи 40369
801 #0 - ИСТОЧНИК ЗАПИСИ
Страна Российская Федерация
Организация NLR
Дата составления 20081106
Правила каталогизации RCR
801 #1 - ИСТОЧНИК ЗАПИСИ
Страна Российская Федерация
Организация NLR
Дата составления 20081106
942 ## - ДОПОЛНИТЕЛЬНЫЕ ЭЛЕМЕНТЫ ЗАПИСИ (АБИС)
Тип экземпляра АБИС Книга
980 ## - КОЛЛЕКЦИЯ
Название коллекции Национальная библиография
Экземпляры
Тип экземпляра Дата поступления Источник поступления Библиотека постоянного хранения Библиотека текущего хранения Место хранения Шифр хранения Штрих-код Статус экземпляра
Книга 06.11.2008 Обязательный экземпляр РНБ (Московский) РНБ (Московский) Русский книжный фонд: издания с 1957 года 2008-8/3213 2786160  
Книга 06.11.2008 Обязательный экземпляр РНБ (Московский) РНБ (Московский) Обменный фонд   2786167